| 000 | 00777nas a2200217 i 4500 | ||
|---|---|---|---|
| 001 | 188036 | ||
| 003 | ES-MaACL | ||
| 005 | 20250217134927.0 | ||
| 008 | 180413d19501974sp a| | ||pa d | ||
| 022 | _a2479-4996 | ||
| 110 | 0 |
_aCentro Provincial Coordinador de Bibliotecas de Soria. _92780 |
|
| 245 | 1 | 0 | _aMemoria del Centro Provincial Coordinador de Bibliotecas de Soria. |
| 260 |
_aMadrid : _bMinisterio de Educación Nacional, Dirección General de Archivos y Bibliotecas, _c1950-1974. |
||
| 300 |
_a1 v. ; _c24 cm. |
||
| 310 | _aAnual | ||
| 362 | 0 | _a[1949]-1973. | |
| 785 | 0 | 0 | _tMemoria del Centro Provincial Coordinador de Bibliotecas, Biblioteca Pública y Casa de Cultura de Soria |
| 852 |
_aES-MaACL _j2084-F-2 |
||
| 866 | 0 | _o1973 | |
| 999 |
_c188036 _d188036 |
||